San Antonio Spurs All-Time Starting 5 - Statistics

General Stats
  • This quiz has been taken 556 times
  • The average score is 6 of 7
Answer Stats
Position Player % Correct
PF Tim Duncan
100%
PG Tony Parker
99%
C David Robinson
96%
Coach Gregg Popovich
92%
6th Man Manu Ginobili
90%
SF Kawhi Leonard
87%
SG George Gervin
75%
No matching quizzes found
Score Distribution
Percent of People with Each Score
Percentile by Number Answered
Your Score History
You have not taken this quiz